000 00529nam a2200193Ia 4500
003 GCL
008 140319s9999 xx 000 0 eng d
040 _aGCL /
_cGCL
082 0 4 _aCC
_b493.1
_bD R
100 1 _aDAVIES, W. V.
245 1 0 _aREADING THE PAST EGYPTIAN HIEROGLYPHS /
_cDAVIES, W. V.
260 _a[S.N] :
_bBRITISH MUSEUM PRESS ،
_c1994
300 _a64 P
650 0 4 _aHIEROGLYPHIC
650 0 4 _aEGYPTIAN LANGUAGE
650 0 4 _aANCIENT EGYPTIAN LANGUAGE
650 0 4 _aEGYPTIAN HIEROGLYPHS
942 _2ddc
_cBK
999 _c10910
_d10910